Life after Parliament: my personal experiences 2005-2021 (Record no. 438)

MARC details
000 -LEADER
fixed length control field 00545nam a2200169Ia 4500
008 - FIXED-LENGTH DATA ELEMENTS--GENERAL INFORMATION
fixed length control field 240428s9999||||xx |||||||||||||| ||und||
020 ## - INTERNATIONAL STANDARD BOOK NUMBER
International Standard Book Number 9789988318536
041 ## - LANGUAGE CODE
Language code of text/sound track or separate title eng
082 ## - DEWEY DECIMAL CLASSIFICATION NUMBER
Classification number 320.9K
100 ## - MAIN ENTRY--PERSONAL NAME
Personal name Kedem, Kosi
245 #0 - TITLE STATEMENT
Title Life after Parliament: my personal experiences 2005-2021
260 ## - PUBLICATION, DISTRIBUTION, ETC.
Name of publisher, distributor, etc. Governance and Electoral Systems Agency
Place of publication, distribution, etc. Legon, Accra.
Date of publication, distribution, etc. 2021
300 ## - PHYSICAL DESCRIPTION
Extent x,145p.:photos
650 ## - SUBJECT ADDED ENTRY--TOPICAL TERM
Topical term or geographic name entry element Politics and Government - Ghana - Kedem, Kosi -Personal Experience in Parliamnent - Kedem, Kosi- Memoir
942 ## - ADDED ENTRY ELEMENTS (KOHA)
Koha item type Books
Holdings
Withdrawn status Lost status Damaged status Not for loan Home library Current library Shelving location Date acquired Total checkouts Full call number Date last seen Copy number Price effective from Koha item type
        Main Library Main Library Open Shelves 07/12/2021   NULL 29/04/2024 1 29/04/2024 Books
©2026  Parliament of Ghana Library - All rights reserved